Films Disney-Pixar par le personnage secondaire - Statistiques

Statistiques générales
  • Ce quiz a été pris 162 fois
  • Le résultat moyen est 9 sur 15
Statistiques - réponses
Hint Réponse % Correct
Lilo et Stitch
96%
Zootopie
85%
Vice-versa
82%
Les indestructibles
79%
Mulan
77%
La belle et le clochard
71%
Robin des Bois
60%
Les aventures de Bernard et Bianca
57%
Bambi
55%
Kuzko, l'empereur mégalo
55%
Les 101 dalmatiens
46%
Alice aux pays des merveilles
44%
Bernard et Bianca au Pays des Kangourous
39%
La Ferme se Rebelle
35%
Rox et Rouky
32%
Aucun quiz correspondant
Distribution des résultats
% des personnes avec chaque résultat
Percentile par nombre de réponses
Votre historique - résultats
Vous n’avez pas pris ce quiz